Understanding the mammography controversy : (رقم التسجيلة. 21907)

تفاصيل مارك
000 -الفاتح
حقل البيانات ثابتة الطول 01145cam a22003014a 4500
001 - رقم الضبط
رقم الضبط 13798508
003 - محدد رقم الضبط
رقم الضبط OSt
005 - وقت وتاريخ اخر تعامل مع التسجيلة
رقم الضبط 20150408114019.0
008 - عناصر البيانات ثابتة الطول - معلومات عامة
حقل البيانات ثابتة الطول 041124s2005 ctua b 001 0 eng
010 ## - رقم ضبط مكتبة الكونجرس
رقم ضبط مكتبة الكونجرس 2004028037
020 ## - الرقم الدولى المعيارى للكتب
الرقم الدولى المعيارى للكتاب 9780275981884
040 ## - مصدر الفهرسة
وكالة الفهرسة الأصلية DLC
وكالة النسخ DLC
وكالة التعديل DLC
042 ## - رمز التحقق
رمز التحقق pcc
050 00 - رقم طلب مكتبة الكونجرس
رقم التصنيف RA645.C3
رقم المادة F54 2005
082 00 - رقم تصنيف ديوى العشرى
رقم التصنيف 616.9944
رقم الطبعة 22
100 1# - المدخل الرئيسى - إسم شخصى
الإسم الشخصى Finkel, Madelon Lubin,
التواريخ المصاحبة للاسم 1949-
9 (RLIN) 11074
245 10 - بيان العنوان
العنوان Understanding the mammography controversy :
بقية العنوان science, politics, and breast cancer screening /
بيان المسئوليه,etc Madelon L. Finkel.
260 ## - PUBLICATION, DISTRIBUTION, ETC. (IMPRINT)
مكان الناشر او الموزع Westport, Conn. :
اسم الناشر او الموزع Praeger,
تاريخ النشر أو التوزيع 2005.
300 ## - الوصف المادى
التعداد viii, 199 p. :
تفاصيل ماديه اخرى للوعاء ill. ;
أبعاد الوعاء 25 cm.
504 ## - تبصرة ببليوجرافية
تبصرة ببليوجرافية,الخ Includes bibliographical references (p. [179]-194) and index.
650 #0 - المدخل الاضافى بالموضوع-مصطلح موضوعى
مصطلح موضوعي أو اسم جغرافي كعنصر مدخل Breast
التقسيم الفرعي العام Cancer
-- Diagnosis
-- Evaluation.
9 (RLIN) 11075
650 #0 - المدخل الاضافى بالموضوع-مصطلح موضوعى
مصطلح موضوعي أو اسم جغرافي كعنصر مدخل Medical screening
التقسيم الفرعي العام Evaluation.
9 (RLIN) 11076
650 #0 - المدخل الاضافى بالموضوع-مصطلح موضوعى
مصطلح موضوعي أو اسم جغرافي كعنصر مدخل Breast
التقسيم الفرعي العام Cancer
-- Risk factors.
9 (RLIN) 11077
650 #0 - المدخل الاضافى بالموضوع-مصطلح موضوعى
مصطلح موضوعي أو اسم جغرافي كعنصر مدخل Breast
التقسيم الفرعي العام Radiography.
9 (RLIN) 11078
856 41 - الوصول و الموقع الالكترونى
مواد محددة Table of contents
معرف المصدر الموحد <a href="http://www.loc.gov/catdir/toc/ecip054/2004028037.html">http://www.loc.gov/catdir/toc/ecip054/2004028037.html</a>
942 ## - عناصر المدخل الإضافي( كوها)
مصدر التصنيف او مخطط الترفيف Dewey Decimal Classification
Koha [default] item type كتاب
المقتنيات
حالة الفقد نموذج السعر الفعال حالة تلف ليس للاعارة رقم الطلب تاريخ الاكتساب الموقع الحالي الباركود الفرع الرئيسي Date last seen نوع المادة فى نظام كوها مصدر التصنيف او خطة الترفيف Total Checkouts
  2013-03-10     616.9944 F M U 2012-04-23 المكتبة المركزية بالمجمعة (CL) 00085235 المكتبة المركزية بالمجمعة (CL) 2013-03-10 كتاب Dewey Decimal Classification  
  2013-03-10     616.9944 F M U 2012-04-23 المكتبة المركزية بالمجمعة (CL) 00085234 المكتبة المركزية بالمجمعة (CL) 2013-03-10 كتاب Dewey Decimal Classification  
  2013-03-10     616.9944 F M U 2012-04-17 مكتبة مجمع الطالبات بالمجمعة (EMF) 00076645 مكتبة مجمع الطالبات بالمجمعة (EMF) 2013-03-10 كتاب Dewey Decimal Classification  
  2013-03-10     616.9944 F M U 2012-04-17 مكتبة مجمع الطالبات بالمجمعة (EMF) 00076648 مكتبة مجمع الطالبات بالمجمعة (EMF) 2013-03-10 كتاب Dewey Decimal Classification  
  2013-03-10     616.9944 F M U 2012-04-17 مكتبة مجمع الطالبات بالمجمعة (EMF) 00076646 مكتبة مجمع الطالبات بالمجمعة (EMF) 2013-03-10 كتاب Dewey Decimal Classification  
  2013-03-10     616.9944 F M U 2012-04-17 مكتبة مجمع الطالبات بالمجمعة (EMF) 00076647 مكتبة مجمع الطالبات بالمجمعة (EMF) 2013-03-10 كتاب Dewey Decimal Classification